Guess the Musicals by Opening Lyric - Statistics

General Stats
  • This quiz has been taken 107 times
  • The average score is 12 of 30
Answer Stats
Hint Answer % Correct
Good News! She's dead! Wicked
92%
How does a bastard, orphan, son of a whore and a Scotsman Hamilton
91%
Lights up on Washington Heights, up at the break of day In the Heights
74%
When the moon is in the Seventh House And Jupiter aligns with Mars Hair
73%
Come on, babe. Why don't we paint the town? Chicago
71%
When you're a Jet, you're a Jet all the way West Side Story
71%
Little town, it's a quiet village Every day, like the one before Beauty and the Beast
68%
Willkommen, bienvenue, welcome! Cabaret
68%
Oh, oh, oh Woke up today Hairspray
66%
Hello! My name is Elder Price. Book of Mormon
65%
Look down, look down Don't look 'em in the eye Les Miserables
56%
Once upon a time there was a railroad line Hadestown
55%
Once upon a time - I wish Into the Woods
55%
There's a bright, golden haze on the meadow Oklahoma
44%
Now that is a very unusual hat. I wonder what's under a hat such as that. Suessical
44%
Far away, long ago Glowing dim as an ember Anastasia
39%
Winds in the east, There's a mist comin' in. Mary Poppins
36%
Been working so hard I'm punching my card Footloose
26%
I got the horse right here The name is Paul Revere Guys and Dolls
19%
They're the perfect loving family, so adoring Next to Normal
17%
My mind is clearer now At last, all too well Jesus Christ Superstar
13%
My story is much too sad to be toldBut practically everything leaves me totally cold Anything Goes
12%
Another op'nin', another show In Philly, Boston or Baltimo', Kiss Me, Kate
12%
Yesterday is doneSee the pretty countryside Merrily We Roll Along
10%
Fit as a fiddle and ready for love Singin' in the Rain
10%
Finland, Finland, Finland That's the country for me! Spamalot
6%
I know what my people are thinking tonight, As home through the shadows they wander. Camelot
4%
The skies were blue and hazy Rarely a storm Ragtime
4%
When we met in nineteen thirty-eight, it was November Damn Yankees
3%
Welcome, gentlemen! God bless our great republic, Suffs
1%
No matching quizzes found
Score Distribution
Percent of People with Each Score
Percentile by Number Answered
Your Score History
You have not taken this quiz